<?xml version="1.0" encoding="UTF-8"?>
<collection xmlns="http://www.loc.gov/MARC21/slim">
 <record>
  <leader>00732pamaa2200205   4500</leader>
  <controlfield tag="001">0000053411</controlfield>
  <controlfield tag="005">20150323090000.0</controlfield>
  <controlfield tag="008">150323s2010                             eng  </controlfield>
  <datafield tag="020" ind1="0" ind2="0">
   <subfield code="a">9787502367886 </subfield>
  </datafield>
  <datafield tag="090" ind1="0" ind2="0">
   <subfield code="a">RC666 </subfield>
   <subfield code="b">WAN 2010</subfield>
  </datafield>
  <datafield tag="100" ind1="1" ind2="0">
   <subfield code="a">Wang Jie </subfield>
  </datafield>
  <datafield tag="245" ind1="1" ind2="0">
   <subfield code="a">Usage of Classical Prescription in Treating Cardiovascular Disease = </subfield>
   <subfield code="l">Jing Fang Lun Zhi Xin Nao Xue Guan Ji Bing  </subfield>
   <subfield code="c">Wang Jie, Zhang Yun Ling, He Qing Yong.</subfield>
  </datafield>
  <datafield tag="250" ind1="0" ind2="0">
   <subfield code="a">1st ed.</subfield>
  </datafield>
  <datafield tag="260" ind1="0" ind2="0">
   <subfield code="a">Beijing, China: </subfield>
   <subfield code="b">Scientific and Technical Documentation Press, </subfield>
   <subfield code="c">2010.</subfield>
  </datafield>
  <datafield tag="300" ind1=" " ind2=" ">
   <subfield code="a">376p: </subfield>
   <subfield code="b">ill.; </subfield>
   <subfield code="c">24 cm.</subfield>
  </datafield>
  <datafield tag="501" ind1="0" ind2="0">
   <subfield code="a">TCN</subfield>
  </datafield>
  <datafield tag="650" ind1="0" ind2="0">
   <subfield code="a">Cardiovascular system -- </subfield>
   <subfield code="x">Diseases </subfield>
  </datafield>
  <datafield tag="650" ind1="0" ind2="0">
   <subfield code="a">Cardiovascular Disease </subfield>
  </datafield>
  <datafield tag="700" ind1="1" ind2="1">
   <subfield code="a">Zhang Yun Ling </subfield>
  </datafield>
  <datafield tag="901" ind1=" " ind2=" ">
   <subfield code="u">http://www.stdph.com</subfield>
  </datafield>
 </record>
</collection>
